[Event "XXII Weekend A"]
[Site "Ceriano Laghetto ITA"]
[Date "2013.03.02"]
[Round "3"]
[White "Moroni, Luca Jr"]
[Black "Miracola, Massimiliano"]
[WhiteElo "2170"]
[BlackElo "2143"]
[Result "1/2-1/2"]
[PlyCount "106"]
[EventDate "2013.03.01"]

1. Nf3 Nf6 2. c4 g6 3. b3 Bg7 4. Bb2 O-O 5. g3 d6 6. d4 e5 7. dxe5 Nfd7 8. Bg2
Nxe5 9. Nc3 Nbc6 10. Nxe5 dxe5 11. O-O Nd4 12. e3 Ne6 13. Qe2 c6 14. Rad1 Qa5
15. a3 f5 16. b4 Qc7 17. Rd2 Bd7 18. Rfd1 Rad8 19. c5 Ng5 20. f4 Nf7 21. Qd3
Be6 22. Qc2 Rxd2 23. Rxd2 Rd8 24. Nb1 Rxd2 25. Nxd2 Qd7 26. Nf3 Bd5 27. Qd2 Qe6
28. Qc3 Bxf3 29. Bxf3 Bh8 30. Qc1 exf4 31. Bxh8 Kxh8 32. gxf4 h5 33. Qc3+ Kh7
34. Be2 Nh6 35. h3 Ng8 36. Qd4 Qf6 37. Qd3 Qh4 38. Kg2 Qe7 39. Bf3 Nf6 40. Qd4
Qe6 41. a4 Qa2+ 42. Kg3 Qe6 43. b5 Kg7 44. a5 cxb5 45. Bxb7 Qa2 46. Bf3 Qxa5
47. Kh4 Kh6 48. Kg3 Qe1+ 49. Kh2 Qf2+ 50. Bg2 Qh4 51. Bf3 Ng4+ 52. Bxg4 Qf2+
53. Kh1 Qf1+ 1/2-1/2

[Event "XXII Weekend A"]
[Site "Ceriano Laghetto ITA"]
[Date "2013.03.03"]
[Round "4"]
[White "Bargeri, Ludovico"]
[Black "Gemelli, Giovanni"]
[WhiteElo "2042"]
[BlackElo "1882"]
[Result "1-0"]
[PlyCount "113"]
[EventDate "2013.03.01"]

1. d4 Nf6 2. c4 g6 3. Nc3 Bg7 4. e4 d6 5. Nf3 O-O 6. Be2 e5 7. O-O Nc6 8. Be3
Ng4 9. Bg5 f6 10. Bc1 exd4 11. Nxd4 Nge5 12. f4 Nxd4 13. Qxd4 Nf7 14. f5 g5 15.
Be3 Re8 16. Rad1 b6 17. Bh5 Rf8 18. Bxf7+ Rxf7 19. Bf2 Bb7 20. g4 Qe8 21. Rde1
Rd8 22. Bg3 Rfd7 23. h4 h6 24. hxg5 hxg5 25. Rf2 Bh8 26. Rh2 Rf7 27. Rh6 c5 28.
Qd2 Bg7 29. Rg6 Rc7 30. Qh2 Rcd7 31. Qh6 Qf7 32. Nd5 Bxd5 33. exd5 Re7 34. Re6
Rxe6 35. dxe6 Qe7 36. Qh1 a6 37. Qd5 b5 38. b3 bxc4 39. bxc4 Kh7 40. Be1 Rb8
41. Qe4 Rb2 42. Rxg5 Rxa2 43. Rh5+ Kg8 44. Qa8+ Qf8 45. Qd5 Qe7 46. Bg3 Ra1+
47. Kh2 Ra2+ 48. Kh3 Ra3 49. Kh4 Bf8 50. g5 fxg5+ 51. Rxg5+ Kh8 52. Kh5 Qh7+
53. Kg4 Qh6 54. f6 Qxf6 55. e7 Rxg3+ 56. Kxg3 Qc3+ 57. Kg4 1-0

[Event "XXII Weekend A"]
[Site "Ceriano Laghetto ITA"]
[Date "2013.03.03"]
[Round "4"]
[White "Damia, Angelo"]
[Black "Boschetti, Claudio"]
[WhiteElo "2249"]
[BlackElo "2134"]
[Result "1-0"]
[PlyCount "89"]
[EventDate "2013.03.01"]

1. d4 Nf6 2. Bg5 d5 3. Nc3 Nbd7 4. Qd3 e6 5. e4 dxe4 6. Nxe4 c6 7. Nf3 Qa5+ 8.
Bd2 Qb6 9. O-O-O a5 10. c4 Nxe4 11. Qxe4 Nf6 12. Qc2 a4 13. Bc3 a3 14. b3 Be7
15. Bd3 Bd7 16. Ne5 Bb4 17. c5 Qa5 18. Nc4 Bxc3 19. Nxa5 Bxa5 20. Be4 Nd5 21.
Bxd5 cxd5 22. Rd3 O-O 23. Rh3 g6 24. Kd1 e5 25. dxe5 Rfe8 26. f4 Bg4+ 27. Kc1
Bf5 28. Qf2 Rac8 29. Rd1 Red8 30. Rhd3 b6 31. Rxd5 Rxd5 32. Rxd5 Be6 33. Rd2
bxc5 34. Rc2 Bb4 35. Qf3 Rd8 36. g4 Rd4 37. f5 Bd5 38. Qg3 Re4 39. Rd2 Bxd2+
40. Kxd2 h6 41. e6 fxe6 42. Qb8+ Kg7 43. Qc7+ Kf6 44. Qd8+ Kf7 45. f6 1-0

[Event "XXII Weekend A"]
[Site "Ceriano Laghetto ITA"]
[Date "2013.03.03"]
[Round "4"]
[White "Dvirnyy, Danyyil"]
[Black "Molina, Fabrizio"]
[WhiteElo "2530"]
[BlackElo "2245"]
[Result "1/2-1/2"]
[PlyCount "100"]
[EventDate "2013.03.01"]

1. e4 e5 2. Nf3 Nc6 3. Bb5 Nf6 4. d3 Bc5 5. c3 d6 6. O-O O-O 7. Bg5 h6 8. Bh4
g5 9. Bg3 Bg4 10. Nbd2 a6 11. Bxc6 bxc6 12. Qc2 Ba7 13. d4 exd4 14. cxd4 Qd7
15. Rac1 c5 16. d5 Rfe8 17. Rfe1 Bh5 18. Qc3 Qd8 19. Qc4 Bg6 20. e5 dxe5 21.
Rxe5 Rxe5 22. Nxe5 Qxd5 23. Nxg6 fxg6 24. Bxc7 Re8 25. Kf1 Re6 26. Re1 Kf7 27.
Re5 Rxe5 28. Bxe5 Qxc4+ 29. Nxc4 Nd7 30. Bc7 Ke6 31. Ke2 Bb8 32. Bxb8 Nxb8 33.
Ke3 Nd7 34. Kd3 Nf6 35. Ne3 Kd6 36. a3 Ke6 37. f3 Kd6 38. g3 Nd7 39. Ke4 Nf6+
40. Kd3 Nd7 41. Ng4 h5 42. Ne3 Ne5+ 43. Ke4 Ke6 44. b3 Nd7 45. Nd5 Kd6 46. h3
Nf8 47. Nb6 Nh7 48. Nc4+ Ke6 49. Kd3 Nf6 50. Nd2 h4 1/2-1/2

[Event "XXII Weekend A"]
[Site "Ceriano Laghetto ITA"]
[Date "2013.03.03"]
[Round "4"]
[White "Innocenti, Giovanni"]
[Black "Khudovekov, Stanislav"]
[WhiteElo "2029"]
[BlackElo "2095"]
[Result "1-0"]
[PlyCount "99"]
[EventDate "2013.03.01"]

1. e4 Nc6 2. Nf3 d6 3. d4 Bg4 4. Be2 Nf6 5. Nc3 g6 6. Be3 Bg7 7. h3 Bxf3 8.
Bxf3 O-O 9. O-O e5 10. d5 Ne7 11. Be2 c6 12. Qd2 cxd5 13. exd5 Nf5 14. Rad1 Nd7
15. Ne4 Qc7 16. c3 h6 17. Bb5 Nxe3 18. Qxe3 f5 19. Bxd7 Qxd7 20. Nd2 Qa4 21. b3
Qh4 22. Nf3 Qf6 23. c4 b6 24. Ne1 Rae8 25. Nc2 g5 26. Qe2 Qg6 27. g3 f4 28. Nb4
e4 29. Nc6 e3 30. fxe3 Rxe3 31. Qxe3 fxe3 32. Ne7+ Kh7 33. Nxg6 Re8 34. Nf8+
Bxf8 35. Rfe1 Bg7 36. Re2 Bc3 37. Rd3 Bd2 38. Kg2 Bc1 39. Rd1 Ba3 40. Rf1 Kg6
41. Rf3 Bc5 42. Kf1 h5 43. Rh2 g4 44. hxg4 hxg4 45. Rf4 Kg5 46. Ke2 b5 47. Rh4
bxc4 48. Rhxg4+ Kh5 49. Rxc4 Re5 50. Rg8 1-0

[Event "XXII Weekend A"]
[Site "Ceriano Laghetto ITA"]
[Date "2013.03.03"]
[Round "4"]
[White "Lapiccirella, Daniele"]
[Black "Sbarra, Marco"]
[WhiteElo "2187"]
[BlackElo "2259"]
[Result "1/2-1/2"]
[PlyCount "99"]
[EventDate "2013.03.01"]

1. d4 Nf6 2. c4 e6 3. Nc3 Bb4 4. Nf3 d5 5. Bg5 Nbd7 6. cxd5 exd5 7. e3 c5 8.
Bd3 Qa5 9. Qc2 O-O 10. O-O Re8 11. Bxf6 Nxf6 12. dxc5 Qxc5 13. Rac1 Bg4 14. a3
Bxc3 15. Qxc3 Qb6 16. Nd4 Rac8 17. Qb4 Qxb4 18. axb4 Rxc1 19. Rxc1 Re7 20. f3
Bd7 21. Kf2 Be8 22. Rc8 a6 23. Bc2 g6 24. Bb3 Kg7 25. g4 h6 26. h4 Re5 27. Rc7
Bc6 28. Nxc6 bxc6 29. Rxc6 Re6 30. Rxe6 fxe6 31. Bc2 Ne8 32. Bd3 Nc7 33. g5
hxg5 34. hxg5 e5 35. Ke2 Kf7 36. Kd2 Ne6 37. Bxa6 Nxg5 38. Ke2 Ke7 39. Kf2 Ne6
40. Kg3 Nc7 41. Bd3 g5 42. Kg4 Kf6 43. Be2 Na8 44. Bb5 Nb6 45. b3 Kg6 46. Bd3+
Kf6 47. Kh5 Nd7 48. Kh6 Nb6 49. Kh5 Nd7 50. Kh6 1/2-1/2

[Event "XXII Weekend A"]
[Site "Ceriano Laghetto ITA"]
[Date "2013.03.03"]
[Round "4"]
[White "Medici, Simone"]
[Black "Angelini, Marco"]
[WhiteElo "2099"]
[BlackElo "2251"]
[Result "0-1"]
[PlyCount "70"]
[EventDate "2013.03.01"]

1. Nf3 Nf6 2. d4 d5 3. c4 c6 4. e3 e6 5. Bd3 Nbd7 6. b3 Bd6 7. Bb2 O-O 8. O-O
b6 9. Nbd2 Bb7 10. Qe2 Qe7 11. Ne5 Rac8 12. f4 c5 13. a4 a5 14. Rad1 Rcd8 15.
Bb1 Ne4 16. Rf3 f6 17. Nxd7 Rxd7 18. Rh3 cxd4 19. exd4 f5 20. Rf1 Rc7 21. Bd3
Rf6 22. Qe3 Qe8 23. Nf3 dxc4 24. Bxc4 Bd5 25. Ne5 Rf8 26. Bb5 Qc8 27. Bd3 Rf6
28. Rc1 Rxc1+ 29. Qxc1 Qxc1+ 30. Bxc1 Rf8 31. Nc4 Bc7 32. Rf3 Rd8 33. Bb2 Nc5
34. Rf2 Nxd3 35. Rd2 Nxb2 0-1

[Event "XXII Weekend A"]
[Site "Ceriano Laghetto ITA"]
[Date "2013.03.03"]
[Round "4"]
[White "Montilli, Vincenzo"]
[Black "Lapiccirella, Mattia"]
[WhiteElo "1987"]
[BlackElo "2191"]
[Result "1-0"]
[PlyCount "105"]
[EventDate "2013.03.01"]

1. d4 Nf6 2. c4 c5 3. d5 g6 4. Nc3 d6 5. e4 Bg7 6. h3 O-O 7. Nf3 e6 8. Bd3 Na6
9. O-O Nc7 10. Rb1 Re8 11. Re1 a6 12. a4 b6 13. b4 exd5 14. cxd5 Nd7 15. Bd2
Ne5 16. Nxe5 Bxe5 17. bxc5 bxc5 18. a5 Bd7 19. f4 Bd4+ 20. Kh2 Rb8 21. Qf3 Nb5
22. Na4 Na3 23. Rxb8 Qxb8 24. Nb6 Bb5 25. Bxb5 Nxb5 26. g4 Qc7 27. Nc4 f6 28.
Kg2 Kg7 29. h4 h6 30. Qg3 Qe7 31. Re2 Qd8 32. g5 hxg5 33. hxg5 f5 34. Qh3 Rxe4
35. Rxe4 fxe4 36. Qh6+ Kf7 37. Qh7+ Bg7 38. f5 gxf5 39. g6+ Kf8 40. Bh6 Qf6 41.
Qh8+ Ke7 42. Qxg7+ Qxg7 43. Bxg7 Nc7 44. Ne3 f4 45. Nf5+ Ke8 46. Nxd6+ Kd7 47.
Nxe4 Nxd5 48. Bf8 Ke6 49. g7 Kf7 50. Nd6+ Kg8 51. Nf5 Nf6 52. Bxc5 Kf7 53. Bd4
1-0

[Event "XXII Weekend A"]
[Site "Ceriano Laghetto ITA"]
[Date "2013.03.03"]
[Round "4"]
[White "Razzano, Lorenzo"]
[Black "Miracola, Massimiliano"]
[WhiteElo "2007"]
[BlackElo "2143"]
[Result "1-0"]
[PlyCount "67"]
[EventDate "2013.03.01"]

1. e4 e5 2. Nf3 Nc6 3. Bb5 a6 4. Ba4 Nf6 5. d3 Bc5 6. O-O b5 7. Bb3 d6 8. c3
O-O 9. Bg5 h6 10. Bh4 g5 11. Nxg5 hxg5 12. Bxg5 Bg4 13. Qd2 Be6 14. Kh1 Kh7 15.
f4 Rg8 16. Qe1 Rxg5 17. fxg5 Ng8 18. Qh4+ Kg7 19. Bxe6 fxe6 20. Rf3 Qe8 21. g6
Nh6 22. Qf6+ Kg8 23. Nd2 Qe7 24. Raf1 Qxf6 25. Rxf6 Ng4 26. Rf7 Nf2+ 27. R1xf2
Bxf2 28. Rxf2 Rf8 29. Rxf8+ Kxf8 30. h4 Kg7 31. h5 Kh6 32. g4 Kg5 33. Kg2 Ne7
34. Kg3 1-0

[Event "XXII Weekend A"]
[Site "Ceriano Laghetto ITA"]
[Date "2013.03.03"]
[Round "4"]
[White "Troiani, Mauro"]
[Black "Moroni, Luca Jr"]
[WhiteElo "2011"]
[BlackElo "2170"]
[Result "0-1"]
[PlyCount "76"]
[EventDate "2013.03.01"]

1. d4 d5 2. c4 e6 3. Nc3 c6 4. Nf3 Nf6 5. e3 Nbd7 6. b3 b6 7. Qc2 Bb7 8. Be2
Be7 9. O-O O-O 10. Bb2 Rc8 11. Bd3 h6 12. Qe2 c5 13. Ne5 Nb8 14. cxd5 Nxd5 15.
Nxd5 Qxd5 16. f3 cxd4 17. Bxd4 Qa5 18. Nc4 Qh5 19. Qf2 Rfd8 20. Rfd1 Nc6 21. g4
Qg5 22. Bc3 b5 23. Na5 Bc5 24. h4 Qxe3 25. Qxe3 Bxe3+ 26. Kg2 Nxa5 27. Bxa5 Rd5
28. Be4 Rxd1 29. Rxd1 Bxe4 30. fxe4 Rc2+ 31. Kf3 Rxa2 32. Rd8+ Kh7 33. Bc3 Bb6
34. Rd7 Rc2 35. Be5 f6 36. Ba1 e5 37. g5 hxg5 38. hxg5 Kg6 0-1

[Event "XXII Weekend A"]
[Site "Ceriano Laghetto ITA"]
[Date "2013.03.03"]
[Round "5"]
[White "Boschetti, Claudio"]
[Black "Bargeri, Ludovico"]
[WhiteElo "2134"]
[BlackElo "2042"]
[Result "0-1"]
[PlyCount "116"]
[EventDate "2013.03.01"]

1. e4 e6 2. Nf3 d5 3. Nc3 Nf6 4. e5 Nfd7 5. d4 c5 6. dxc5 Nc6 7. Bf4 Bxc5 8.
Bd3 f6 9. exf6 Nxf6 10. O-O O-O 11. Qd2 a6 12. Rad1 Qe7 13. Rfe1 Bd7 14. a3 b5
15. b4 Ba7 16. Bg5 Qf7 17. Bh4 Rae8 18. Bg3 Qh5 19. Ne5 Nxe5 20. Rxe5 Qf7 21.
Rg5 e5 22. Rxe5 Rxe5 23. Bxe5 Ng4 24. Bg3 Nxf2 25. Bxf2 Qxf2+ 26. Qxf2 Rxf2 27.
Kh1 Bc6 28. Rf1 Rxf1+ 29. Bxf1 Kf7 30. Bd3 h6 31. h3 Kf6 32. Ne2 Ke5 33. Kh2
Be3 34. Kg3 d4 35. Bg6 Be4 36. Bxe4 Kxe4 37. Kg4 Bg5 38. Ng3+ Kd5 39. Ne2 Kc4
40. h4 Bf6 41. h5 d3 42. cxd3+ Kxd3 43. Nf4+ Kc4 44. Kf5 Kb3 45. Nd5 Bb2 46.
Nc7 Bxa3 47. Nxa6 Bxb4 48. g4 Bc3 49. g5 hxg5 50. Nc5+ Kc4 51. Ne4 b4 52. Nf2
b3 53. Nd1 b2 54. Nxb2+ Bxb2 55. Kxg5 Bc1+ 56. Kg6 Bh6 57. Kf5 Kd5 58. Kg4 Ke4
0-1

[Event "XXII Weekend A"]
[Site "Ceriano Laghetto ITA"]
[Date "2013.03.03"]
[Round "5"]
[White "Dvirnyy, Danyyil"]
[Black "Lapiccirella, Daniele"]
[WhiteElo "2530"]
[BlackElo "2187"]
[Result "1/2-1/2"]
[PlyCount "25"]
[EventDate "2013.03.01"]

1. d4 d5 2. c4 c6 3. Nf3 Nf6 4. e3 e6 5. Bd3 dxc4 6. Bxc4 Nbd7 7. O-O Bd6 8.
Nc3 O-O 9. Qc2 a6 10. a4 c5 11. dxc5 Bxc5 12. Rd1 Qc7 13. Ne4 1/2-1/2

[Event "XXII Weekend A"]
[Site "Ceriano Laghetto ITA"]
[Date "2013.03.03"]
[Round "5"]
[White "Gemelli, Giovanni"]
[Black "Troiani, Mauro"]
[WhiteElo "1882"]
[BlackElo "2011"]
[Result "1/2-1/2"]
[PlyCount "83"]
[EventDate "2013.03.01"]

1. e4 c5 2. Nf3 d6 3. d4 cxd4 4. Nxd4 Nf6 5. Nc3 Nc6 6. Bc4 Qb6 7. Nb3 e6 8.
Be3 Qc7 9. Bd3 a6 10. O-O b5 11. a3 Be7 12. f4 Bb7 13. Qf3 b4 14. axb4 Nxb4 15.
Qh3 d5 16. exd5 Nbxd5 17. Nxd5 Nxd5 18. Kh1 Nxe3 19. Qxe3 O-O 20. Qh3 g6 21.
Qg4 Bf6 22. Rab1 a5 23. Nd2 Bg7 24. Qh4 f5 25. Nf3 Bf6 26. Qg3 Be4 27. Rbe1
Bxd3 28. cxd3 Rfe8 29. Ne5 Rab8 30. Rc1 Qg7 31. Rc2 Bxe5 32. fxe5 Rec8 33. Rfc1
Rxc2 34. Rxc2 Qb7 35. d4 Qe4 36. Qf2 Rd8 37. Rd2 Rc8 38. h3 Rc1+ 39. Kh2 Qb1
40. Qh4 Rh1+ 41. Kg3 Qe1+ 42. Rf2 1/2-1/2

[Event "XXII Weekend A"]
[Site "Ceriano Laghetto ITA"]
[Date "2013.03.03"]
[Round "5"]
[White "Lapiccirella, Mattia"]
[Black "Razzano, Lorenzo"]
[WhiteElo "2191"]
[BlackElo "2007"]
[Result "1-0"]
[PlyCount "105"]
[EventDate "2013.03.01"]

1. c4 g6 2. Nc3 Bg7 3. g3 d6 4. Bg2 e5 5. d3 Nc6 6. Rb1 Nf6 7. Nf3 O-O 8. Bg5
h6 9. Bxf6 Bxf6 10. Nd5 Bg7 11. O-O Ne7 12. Nd2 c6 13. Nxe7+ Qxe7 14. b4 Be6
15. b5 d5 16. bxc6 bxc6 17. Qa4 Rac8 18. Qa6 Rc7 19. Rfc1 Rd8 20. Qa5 Rdc8 21.
Rb3 f5 22. e3 e4 23. d4 g5 24. Rbc3 f4 25. cxd5 Bxd5 26. Qc5 Qxc5 27. Rxc5 fxe3
28. fxe3 Bf8 29. R5c2 Ba3 30. Rb1 Re8 31. Bf1 Rf7 32. Nc4 Bf8 33. Ne5 Rf3 34.
Nxf3 exf3 35. Rc3 Bxa2 36. Rb2 Bd5 37. Kf2 a5 38. Bc4 Bb4 39. Bxd5+ cxd5 40.
Rc6 Kg7 41. Kxf3 g4+ 42. Ke2 h5 43. Rc7+ Kf6 44. Rd7 h4 45. gxh4 Rh8 46. Rxd5
Rxh4 47. Kd3 Ke6 48. Rg5 Kf6 49. Rb5 Bd6 50. Rxa5 Bxh2 51. Rb6+ Ke7 52. Ra7+
Kd8 53. Rg6 1-0

[Event "XXII Weekend A"]
[Site "Ceriano Laghetto ITA"]
[Date "2013.03.03"]
[Round "5"]
[White "Miracola, Massimiliano"]
[Black "Khudovekov, Stanislav"]
[WhiteElo "2143"]
[BlackElo "2095"]
[Result "1-0"]
[PlyCount "71"]
[EventDate "2013.03.01"]

1. e4 g6 2. d4 Bg7 3. Nc3 d6 4. Nf3 a6 5. a4 b6 6. Be2 Nd7 7. Be3 Bb7 8. O-O e6
9. Qd2 h6 10. Rad1 Ne7 11. Nh4 g5 12. Nf3 Ng6 13. g3 O-O 14. Ne1 f5 15. Bc4 f4
16. Bxe6+ Kh8 17. Ng2 fxe3 18. Nxe3 Nf6 19. d5 Ng8 20. Nf5 Qf6 21. f4 N8e7 22.
e5 Qxe6 23. dxe6 Nxf5 24. Nd5 dxe5 25. e7 Nfxe7 26. Nxe7 Nxe7 27. fxg5 Nf5 28.
g4 Nd4 29. gxh6 Bf6 30. Qe3 Rad8 31. Rd3 Kh7 32. c3 a5 33. cxd4 exd4 34. Qe6
Bc8 35. Qe4+ Kh8 36. Rxf6 1-0

[Event "XXII Weekend A"]
[Site "Ceriano Laghetto ITA"]
[Date "2013.03.03"]
[Round "5"]
[White "Moroni, Luca Jr"]
[Black "Medici, Simone"]
[WhiteElo "2170"]
[BlackElo "2099"]
[Result "1-0"]
[PlyCount "113"]
[EventDate "2013.03.01"]

1. Nf3 Nf6 2. c4 c6 3. Nc3 d5 4. e3 g6 5. b3 Bg7 6. Bb2 O-O 7. Be2 Nbd7 8. d4
a6 9. a4 Ne4 10. O-O Qa5 11. Qc2 Ndf6 12. Bd3 Nd6 13. c5 Nf5 14. Rfb1 Qc7 15.
b4 Nh6 16. h3 Bf5 17. Bxf5 gxf5 18. b5 Ne4 19. Qe2 a5 20. Ra3 f6 21. Rb3 Rfb8
22. Ba3 e5 23. Qb2 Rc8 24. Ne2 Qd7 25. bxc6 bxc6 26. Nc1 Nf7 27. Nd3 Qe6 28.
Rb6 Nfg5 29. h4 Nf7 30. Qc2 Nh6 31. R1b3 Ng4 32. Rb7 Bh6 33. Bc1 f4 34. exf4
Qf5 35. fxe5 Bxc1 36. Qxc1 fxe5 37. dxe5 Rf8 38. Rc7 Rab8 39. Rxb8 Rxb8 40. Nd4
Qh5 41. f3 Nxe5 42. Nf4 Qxh4 43. fxe4 Ng4 44. Nh3 h6 45. Qf1 Rf8 46. Rg7+ Kxg7
47. Ne6+ Kh7 48. Nxf8+ Kg8 49. Ng6 Qf6 50. Qxf6 Nxf6 51. e5 Ne4 52. Ne7+ Kf7
53. Nxc6 Nxc5 54. Nf4 Nxa4 55. e6+ Ke8 56. Nxd5 Nc5 57. Nc7+ 1-0

[Event "XXII Weekend A"]
[Site "Ceriano Laghetto ITA"]
[Date "2013.03.03"]
[Round "5"]
[White "Sbarra, Marco"]
[Black "Damia, Angelo"]
[WhiteElo "2259"]
[BlackElo "2249"]
[Result "1-0"]
[PlyCount "73"]
[EventDate "2013.03.01"]

1. d4 Nf6 2. c4 e6 3. Nc3 c5 4. d5 b5 5. cxb5 exd5 6. Nxd5 Bb7 7. Nxf6+ Qxf6 8.
Nf3 d5 9. Qc2 h6 10. e3 Bd6 11. Be2 O-O 12. O-O a6 13. bxa6 Nxa6 14. Bd2 d4 15.
Rfe1 Rfd8 16. e4 Nb4 17. Bxb4 cxb4 18. Bd3 Ra5 19. Qe2 Rda8 20. Nd2 Bxh2+ 21.
Kxh2 Qh4+ 22. Kg1 Rh5 23. f4 Qh2+ 24. Kf2 Rh3 25. Nf3 Qg3+ 26. Kg1 Ra5 27. f5
g6 28. Bc4 gxf5 29. Bxf7+ Kh7 30. Be6 Bxe4 31. Bxf5+ Bxf5 32. Qe7+ Kg6 33. Qe8+
Kf6 34. Qf8+ Kg6 35. Qe8+ Kf6 36. Qd8+ Kg6 37. Qxa5 1-0